000
00324nam a22001457a 4500
008
210305b ||||| |||| 00| 0 eng d
020
_a
9780558645557
041
_a
eng
080
_2
7th
_a
610.73
082
_a
610.73
100
_a
1
101
_a
INF
245
_a
Practical Nursing Skills
_c
Keiser C.C
942
_2
udc
_c
BK
999
_c
55811
_d
55811